[Event "NordWest-Cup 2014 - Open"]
[Site "Bad Zwischenahn"]
[Date "2014.01.24"]
[Round "1.1"]
[White "Li, Chao b"]
[Black "Bjerre, Tavs"]
[Result "1-0"]
[WhiteElo "2030"]
[BlackElo "2680"]
[Annotator "chessorg"]
[PlyCount "41"]
[EventDate "2014.??.??"]
[BlackTeam "Skanderborg"]

1. d4 Nf6 2. c4 g6 3. Nc3 Bg7 4. e4 d6 5. Nf3 O-O 6. Be2 Na6 7. O-O e5 8. Be3
Ng4 9. Bg5 f6 10. Bh4 Qe8 11. c5 exd4 12. Nxd4 dxc5 13. Ndb5 Nh6 14. Nd5 Qxe4
15. Bg3 Nf5 16. Bf3 Qe8 17. Ndxc7 Qd7 18. Qb3+ Kh8 19. Nxa8 Nb4 20. Nac7 a6 21.
Rad1 1-0

[Event "NordWest-Cup 2014 - Open"]
[Site "Bad Zwischenahn"]
[Date "2014.01.24"]
[Round "1.3"]
[White "Loehnhardt, Benjamin"]
[Black "Ikonnikov, Vyacheslav"]
[Result "0-1"]
[WhiteElo "2029"]
[BlackElo "2566"]
[Annotator "chessorg"]
[PlyCount "76"]
[EventDate "2014.??.??"]
[WhiteTeam "SC Bad Salzdetfurth"]
[BlackTeam "SF Bad Mergentheim"]

1. d4 Nf6 2. c4 e6 3. g3 Bb4+ 4. Bd2 Qe7 5. Bg2 Nc6 6. a3 Bxd2+ 7. Qxd2 a5 8.
Nc3 d6 9. Nf3 O-O 10. O-O a4 11. Qc2 e5 12. d5 Na5 13. Qxa4 Bd7 14. Qb4 c5 15.
dxc6 bxc6 16. c5 dxc5 17. Qh4 Rab8 18. Na4 Rfe8 19. Nd2 e4 20. e3 c4 21. Rab1
Rb5 22. Nc3 Rh5 23. Qf4 Re5 24. Qh4 Kh8 25. h3 g5 26. Qh6 Rg8 27. Bxe4 Rxe4 28.
Ndxe4 Rg6 29. Qxg6 hxg6 30. Nxg5 Nd5 31. Nxd5 cxd5 32. h4 Nb3 33. Rbd1 f6 34.
Rxd5 fxg5 35. Rxg5 Qe4 36. Rd1 Bh3 37. Rd8+ Kh7 38. Kh2 Qg2# 0-1

[Event "NordWest-Cup 2014 - Open"]
[Site "Bad Zwischenahn"]
[Date "2014.01.24"]
[Round "2.2"]
[White "Ikonnikov, Vyacheslav"]
[Black "Wagner, Jan"]
[Result "1-0"]
[WhiteElo "2566"]
[BlackElo "2111"]
[Annotator "chessorg"]
[PlyCount "101"]
[EventDate "2014.??.??"]
[WhiteTeam "SF Bad Mergentheim"]
[BlackTeam "SK Union Oldenburg"]

1. d4 g6 2. Nf3 Bg7 3. e4 d6 4. c4 e5 5. d5 f5 6. Nc3 Nf6 7. exf5 gxf5 8. Be2
O-O 9. O-O Na6 10. Rb1 Nc5 11. b4 Nce4 12. Nxe4 Nxe4 13. Qc2 a5 14. a3 axb4 15.
axb4 Qe8 16. Bd3 Qa4 17. Bb2 Qxc2 18. Bxc2 Bh6 19. Rfd1 Bd7 20. Ra1 Rxa1 21.
Rxa1 Nd2 22. Nxd2 Bxd2 23. Ra7 Rb8 24. b5 Bb4 25. Ba3 Bxa3 26. Rxa3 Rf8 27. Kf1
Kg7 28. Ke2 Kf6 29. g3 Rf7 30. Ke3 b6 31. Ra8 Re7 32. Rf8+ Kg7 33. Rd8 Kf6 34.
Bb3 Rg7 35. Rh8 Rf7 36. Rd8 Re7 37. Bd1 Rf7 38. Bh5 Rg7 39. Rf8+ Ke7 40. Ra8
Kf6 41. Ra7 Bc8 42. f3 Re7 43. g4 fxg4 44. fxg4 h6 45. Ra8 Bd7 46. Kf3 Kg7 47.
Rd8 Kf6 48. Rg8 Rh7 49. Kg3 Rg7 50. Rh8 Bf5 51. Rf8+ 1-0

[Event "NordWest-Cup 2014 - Open"]
[Site "Bad Zwischenahn"]
[Date "2014.01.24"]
[Round "2.4"]
[White "Epishin, Vladimir"]
[Black "Kruse, Joerg"]
[Result "1-0"]
[WhiteElo "2548"]
[BlackElo "2113"]
[Annotator "chessorg"]
[PlyCount "73"]
[EventDate "2014.??.??"]

1. d4 d5 2. c4 e6 3. Nc3 f5 4. Bf4 Nf6 5. e3 Be7 6. Bd3 O-O 7. Nge2 c6 8. h3
Ne4 9. O-O Nd6 10. c5 Nf7 11. b4 Nd7 12. Bg3 a6 13. f3 g5 14. a4 Nf6 15. Qc2
Nh5 16. Bh2 Ng7 17. Kh1 h5 18. Rab1 Bf6 19. e4 Nh6 20. Bd6 dxe4 21. fxe4 Be7
22. Be5 Bf6 23. Bxf6 Rxf6 24. exf5 exf5 25. d5 Kh8 26. d6 Rf8 27. Bc4 Be6 28.
Bxe6 Nxe6 29. Ng3 f4 30. Nxh5 Nf5 31. g4 Ne3 32. Qg6 Qd7 33. Nf6 Rxf6 34. Qxf6+
Qg7 35. Qxe6 Nxf1 36. Rxf1 Qxc3 37. Qh6+ 1-0

[Event "NordWest-Cup 2014 - Open"]
[Site "Bad Zwischenahn"]
[Date "2014.01.24"]
[Round "2.5"]
[White "Guenther, Thomas"]
[Black "Teske, Henrik"]
[Result "0-1"]
[WhiteElo "2101"]
[BlackElo "2540"]
[Annotator "chessorg"]
[PlyCount "80"]
[EventDate "2014.??.??"]
[BlackTeam "SV Glueck auf Ruedersdorf e.V."]

1. d4 Nf6 2. Nf3 d5 3. c4 dxc4 4. e3 Be6 5. Na3 Bd5 6. Nxc4 e6 7. a3 c5 8. dxc5
Bxc5 9. b4 Be7 10. Bb2 O-O 11. Bd3 Nc6 12. Qe2 Bxf3 13. gxf3 Nd5 14. f4 Bf6 15.
Rd1 Bxb2 16. Qxb2 Qh4 17. Be4 Nce7 18. O-O Rad8 19. Kh1 Rd7 20. Rg1 Ng6 21.
Bxd5 Rxd5 22. Rxd5 exd5 23. Ne5 Qh3 24. Rg3 Qf5 25. Nxg6 hxg6 26. Qd4 Rc8 27.
Rg5 Qh3 28. Qxd5 Qf1+ 29. Rg1 Qxf2 30. Qg2 Qxe3 31. f5 Rc6 32. b5 Rf6 33. Qxb7
Rxf5 34. a4 Qc5 35. Qe4 Re5 36. Qa8+ Kh7 37. Qf3 Qc4 38. Qh3+ Kg8 39. Rd1 Qe4+
40. Kg1 Rg5+ 0-1

[Event "NordWest-Cup 2014 - Open"]
[Site "Bad Zwischenahn"]
[Date "2014.01.24"]
[Round "2.41"]
[White "Keymer, Vincent"]
[Black "Solodovnichenke, Yuri"]
[Result "1/2-1/2"]
[WhiteElo "1955"]
[BlackElo "2591"]
[Annotator "chessorg"]
[PlyCount "114"]
[EventDate "2014.??.??"]
[BlackTeam "SV Glueck auf Ruedersdorf e.V."]

1. c4 g6 2. g3 Bg7 3. Bg2 c5 4. Nc3 Nc6 5. d3 Nf6 6. e4 O-O 7. Nge2 Ne8 8. Be3
Nd4 9. Rb1 d6 10. h3 Nc7 11. a3 Bd7 12. b4 Qc8 13. f4 Rb8 14. b5 Kh8 15. g4 f5
16. g5 e5 17. O-O fxe4 18. Nxe4 Bxh3 19. fxe5 Bxg2 20. Kxg2 Rxf1 21. Qxf1 Qg4+
22. N2g3 Nf5 23. Qf4 Bxe5 24. Qxg4 Nxe3+ 25. Kh3 Nxg4 26. Kxg4 Ne6 27. Rf1 Kg7
28. Ne2 Rh8 29. N2c3 h5+ 30. gxh6+ Rxh6 31. a4 Rh2 32. a5 Rg2+ 33. Kf3 Rc2 34.
Nd5 Ra2 35. b6 Rxa5 36. bxa7 Rxa7 37. Rb1 Kh6 38. Kg4 Nd8 39. Rh1+ Kg7 40. Ng5
Ra1 41. Rh7+ Kf8 42. Rd7 Rg1+ 43. Kh4 Rh1+ 44. Kg4 Nc6 45. Rxb7 Rg1+ 46. Kh4
Rh1+ 47. Kg4 Rg1+ 48. Kh4 Bd4 49. Ne6+ Ke8 50. Rc7 Re1 51. Rxc6 Rxe6 52. Nc7+
Kd7 53. Nxe6 Bf6+ 54. Kg4 Kxc6 55. Nf4 g5 56. Ne6 d5 57. Nxg5 dxc4 1/2-1/2

[Event "NordWest-Cup 2014 - Open"]
[Site "Bad Zwischenahn"]
[Date "2014.01.25"]
[Round "3.1"]
[White "Li, Chao b"]
[Black "Hundack, Rolf"]
[Result "1-0"]
[WhiteElo "2680"]
[BlackElo "2237"]
[Annotator "chessorg"]
[PlyCount "55"]
[EventDate "2014.??.??"]
[BlackTeam "Bremer SG von 1877"]

1. e4 e5 2. Nf3 Nc6 3. Bc4 Be7 4. d4 exd4 5. Nxd4 d6 6. Nc3 Nf6 7. O-O O-O 8.
h3 Bd7 9. Re1 a6 10. a4 Rb8 11. a5 Nxd4 12. Qxd4 Bc6 13. Bf4 Nh5 14. Bh2 Bf6
15. Qd2 Bxc3 16. Qxc3 Qg5 17. Bxa6 Rbe8 18. Bf1 Bxe4 19. Qxc7 Re6 20. Rxe4 Rxe4
21. Qxb7 Nf4 22. Bg3 Ne2+ 23. Bxe2 Rxe2 24. a6 Re7 25. Qc6 Ra7 26. Bxd6 Qf5 27.
Qc5 Rfa8 28. Bb8 1-0

[Event "NordWest-Cup 2014 - Open"]
[Site "Bad Zwischenahn"]
[Date "2014.01.25"]
[Round "3.2"]
[White "Mueer, Sebastian"]
[Black "Ikonnikov, Vyacheslav"]
[Result "0-1"]
[WhiteElo "2210"]
[BlackElo "2566"]
[Annotator "chessorg"]
[PlyCount "76"]
[EventDate "2014.??.??"]
[WhiteTeam "SK Union Oldenburg"]
[BlackTeam "SF Bad Mergentheim"]

1. e4 c5 2. c3 b6 3. d4 Bb7 4. Bd3 e6 5. Qe2 Be7 6. Nf3 Nf6 7. O-O d6 8. Re1
Nc6 9. e5 dxe5 10. dxe5 Nd7 11. Nbd2 Ndxe5 12. Nxe5 Nxe5 13. Qxe5 Qxd3 14. Qxg7
Rf8 15. Qg3 O-O-O 16. Qxd3 Rxd3 17. Nc4 Rg8 18. g3 f6 19. Bh6 e5 20. Rad1 Rgd8
21. Rxd3 Rxd3 22. f4 b5 23. Na5 Bd5 24. fxe5 c4 25. exf6 Bc5+ 26. Kf1 Rf3+ 27.
Ke2 Rxf6 28. Be3 Bb6 29. b4 Rf3 30. Kd2 Kd7 31. Re2 h5 32. Bg5 Rf5 33. Bf4 h4
34. h3 hxg3 35. Bxg3 Rf3 36. Re5 Rd3+ 37. Kc2 Bc7 38. Nb7 Bxb7 0-1

[Event "NordWest-Cup 2014 - Open"]
[Site "Bad Zwischenahn"]
[Date "2014.01.25"]
[Round "3.3"]
[White "Mekhitarian, Krikor Sevag"]
[Black "Bente, Bjoern"]
[Result "1-0"]
[WhiteElo "2557"]
[BlackElo "2209"]
[Annotator "chessorg"]
[PlyCount "51"]
[EventDate "2014.??.??"]
[BlackTeam "Hamburger SK von 1830"]

1. d4 d5 2. c4 e6 3. Nf3 c6 4. e3 Bd6 5. Bd3 f5 6. b3 Nf6 7. O-O O-O 8. Bb2 Ne4
9. Ne5 Nd7 10. f3 Ng5 11. Qe2 Qc7 12. Nd2 Nf7 13. f4 Nf6 14. Kh1 Ne4 15. g4
Nxe5 16. dxe5 Bb4 17. Nf3 g6 18. Rg1 Kh8 19. gxf5 gxf5 20. cxd5 cxd5 21. Rac1
Qe7 22. Bxe4 dxe4 23. Ng5 Bd7 24. Rc7 Ba5 25. Nxe6 Bxc7 26. Nxf8 1-0

[Event "NordWest-Cup 2014 - Open"]
[Site "Bad Zwischenahn"]
[Date "2014.01.25"]
[Round "3.4"]
[White "Hoffmann, Lukas"]
[Black "Epishin, Vladimir"]
[Result "0-1"]
[WhiteElo "2188"]
[BlackElo "2548"]
[Annotator "chessorg"]
[PlyCount "71"]
[EventDate "2014.??.??"]
[WhiteTeam "Sfr.Konz-Karthaus"]

1. d4 Nf6 2. Nf3 d6 3. g3 c5 4. c4 cxd4 5. Nxd4 Qc7 6. Bg2 a6 7. O-O e6 8. Bg5
Nbd7 9. Qa4 Be7 10. Bxf6 Bxf6 11. Rd1 O-O 12. Nc3 Nb6 13. Qa5 Qc5 14. Nb3 Nxc4
15. Nxc5 Nxa5 16. N5e4 Bxc3 17. Nxc3 Rd8 18. Na4 Nc6 19. Rac1 d5 20. Nb6 Rb8
21. f4 f5 22. e4 fxe4 23. Bxe4 Bd7 24. f5 Be8 25. Bg2 exf5 26. Rxd5 g6 27. Re1
Kg7 28. b3 Rxd5 29. Bxd5 Rd8 30. Re2 g5 31. Kf2 Bh5 32. Re3 f4 33. gxf4 gxf4
34. Re4 Na5 35. Re7+ Kf6 36. Rxb7 0-1

[Event "NordWest-Cup 2014 - Open"]
[Site "Bad Zwischenahn"]
[Date "2014.01.25"]
[Round "3.5"]
[White "Teske, Henrik"]
[Black "Thybo, Jesper"]
[Result "1/2-1/2"]
[WhiteElo "2540"]
[BlackElo "2156"]
[Annotator "chessorg"]
[PlyCount "102"]
[EventDate "2014.??.??"]
[WhiteTeam "SV Glueck auf Ruedersdorf e.V."]
[BlackTeam "Skive Skak Klub"]

1. d4 Nf6 2. c4 g6 3. Nc3 d5 4. Nf3 Bg7 5. Bf4 O-O 6. e3 c5 7. dxc5 Qa5 8. Rc1
dxc4 9. Bxc4 Qxc5 10. Bb3 Nc6 11. O-O Qa5 12. h3 Bf5 13. Qe2 Ne4 14. Nd5 e5 15.
Bh2 Rfe8 16. Rfd1 Rad8 17. Qe1 Qxe1+ 18. Nxe1 Be6 19. f3 Nf6 20. Nxf6+ Bxf6 21.
Rxd8 Bxd8 22. Bxe6 Rxe6 23. Nd3 Bb6 24. Kf2 f6 25. Ke2 Kf7 26. Rc4 Re7 27. g4
Ke6 28. b3 Rd7 29. Bg3 Rg7 30. Be1 Rd7 31. Bc3 Rd8 32. f4 exf4 33. Re4+ Kf7 34.
Rxf4 Rd6 35. Ne5+ Nxe5 36. Bxe5 Re6 37. Bc3 Rxe3+ 38. Kd2 Rxh3 39. Rxf6+ Ke7
40. Rf1 h5 41. gxh5 gxh5 42. Rf5 Ke6 43. Rf6+ Kd5 44. Rf7 Ke4 45. Re7+ Kf5 46.
a4 h4 47. a5 Bg1 48. Rf7+ Ke4 49. Re7+ Kf5 50. Rf7+ Ke4 51. Re7+ Kf5 1/2-1/2

[Event "NordWest-Cup 2014 - Open"]
[Site "Bad Zwischenahn"]
[Date "2014.01.25"]
[Round "4.1"]
[White "Meijers, Viesturs"]
[Black "Li, Chao b"]
[Result "0-1"]
[WhiteElo "2464"]
[BlackElo "2680"]
[Annotator "chessorg"]
[PlyCount "90"]
[EventDate "2014.??.??"]
[WhiteTeam "ESV Nickelhuette Aue"]

1. e4 c5 2. Nf3 d6 3. d4 cxd4 4. Nxd4 Nf6 5. Nc3 Nc6 6. Bg5 e6 7. Qd2 a6 8. Be2
Bd7 9. Rd1 h6 10. Be3 b5 11. a3 Be7 12. f4 O-O 13. O-O Nxd4 14. Bxd4 Bc6 15.
Bf3 Qc7 16. Kh1 Qb7 17. e5 dxe5 18. fxe5 Nh7 19. Qf4 Rad8 20. Qg4 Ng5 21. Bxc6
Qxc6 22. h4 Nh7 23. Rf3 f5 24. exf6 Bxf6 25. Rg3 Rxd4 26. Rxd4 Bxd4 27. Qxd4
Qc7 28. Qe3 Kh8 29. Rf3 Nf6 30. Ne4 Rd8 31. Nf2 Qc4 32. Kg1 Qxh4 33. Qxe6 Re8
34. Qh3 Qd4 35. c3 Re1+ 36. Kh2 Qc5 37. Qf5 Re5 38. Qf4 Re2 39. b4 Qc8 40. Qd6
Qc4 41. Rf4 Qxc3 42. Ne4 Qc2 43. Rxf6 Rxg2+ 44. Kh3 Qxe4 45. Rf4 Qg6 0-1

[Event "NordWest-Cup 2014 - Open"]
[Site "Bad Zwischenahn"]
[Date "2014.01.25"]
[Round "4.2"]
[White "Ikonnikov, Vyacheslav"]
[Black "Carlstedt, Jonathan"]
[Result "1/2-1/2"]
[WhiteElo "2566"]
[BlackElo "2426"]
[Annotator "chessorg"]
[PlyCount "92"]
[EventDate "2014.??.??"]
[WhiteTeam "SF Bad Mergentheim"]
[BlackTeam "SV Diag.Harburg 1926 e.V."]

1. d4 d5 2. Nf3 Nf6 3. c4 c6 4. Nc3 e6 5. Bg5 h6 6. Bxf6 Qxf6 7. e3 Nd7 8. Bd3
g6 9. O-O Bg7 10. cxd5 exd5 11. b4 Qd6 12. Qb3 Nf6 13. b5 O-O 14. bxc6 bxc6 15.
Na4 Ne4 16. Qc2 f5 17. Rfc1 Bd7 18. Nc5 Nxc5 19. Qxc5 Qxc5 20. Rxc5 Rab8 21.
Ra5 Rb7 22. Nd2 f4 23. Bxg6 fxe3 24. fxe3 Rb2 25. Nf3 Bh3 26. Ne1 Bg4 27. Rc1
Re2 28. h3 Rxe3 29. Nc2 Re6 30. hxg4 Rxg6 31. Rf1 Rxg4 32. Rxa7 Rg3 33. Rxf8+
Kxf8 34. Rc7 Rc3 35. Nb4 Bxd4+ 36. Kf1 c5 37. Nxd5 Rc2 38. a4 Rf2+ 39. Ke1 Ra2
40. Nf4 Rxa4 41. Ne6+ Kg8 42. Nxc5 Ra2 43. g4 Rg2 44. Ne6 Be5 45. Rc4 Kf7 46.
Nc5 Kg6 1/2-1/2

[Event "NordWest-Cup 2014 - Open"]
[Site "Bad Zwischenahn"]
[Date "2014.01.25"]
[Round "4.3"]
[White "van Foreest, Jorden"]
[Black "Mekhitarian, Krikor Sevag"]
[Result "0-1"]
[WhiteElo "2326"]
[BlackElo "2557"]
[Annotator "chessorg"]
[PlyCount "105"]
[EventDate "2014.??.??"]
[WhiteTeam "Schachklub Turm Emsdetten e.V."]

1. Nf3 c5 2. e4 d6 3. d4 cxd4 4. Nxd4 Nf6 5. Nc3 a6 6. h3 e5 7. Nde2 h5 8. g3
Be7 9. Bg2 Nbd7 10. a4 O-O 11. O-O Nc5 12. Bg5 Be6 13. Bxf6 Bxf6 14. Nd5 Bxd5
15. Qxd5 h4 16. b4 Ne6 17. Qxb7 Rb8 18. Qxa6 Rxb4 19. a5 Qc7 20. Qd3 hxg3 21.
fxg3 Ra8 22. Nc3 Rxa5 23. Rxa5 Qxa5 24. Nd5 Rb2 25. Nxf6+ gxf6 26. Rxf6 Qc5+
27. Rf2 Rb1+ 28. Bf1 Ng5 29. Kg2 Qc6 30. Rf5 Nxe4 31. Kh2 Rb2 32. Bg2 Qxc2 33.
Qf3 Qe2 34. h4 Qxf3 35. Rxf3 Rd2 36. g4 Kg7 37. g5 f6 38. Re3 Nc5 39. gxf6+
Kxf6 40. Rg3 Ne6 41. Kg1 Nf4 42. Bf3 Rb2 43. Rg8 d5 44. Rf8+ Ke7 45. Rf5 Ke6
46. Rf8 Ne2+ 47. Kf1 Ng3+ 48. Ke1 e4 49. Rg8 Rb1+ 50. Kf2 Rf1+ 51. Kxg3 Rxf3+
52. Kg4 Ke5 53. h5 0-1

[Event "NordWest-Cup 2014 - Open"]
[Site "Bad Zwischenahn"]
[Date "2014.01.25"]
[Round "4.4"]
[White "Epishin, Vladimir"]
[Black "Albrecht, Juergen"]
[Result "1-0"]
[WhiteElo "2548"]
[BlackElo "2239"]
[Annotator "chessorg"]
[PlyCount "48"]
[EventDate "2014.??.??"]
[BlackTeam "SSV Vimaria 91 Weimar"]

1. d4 Nf6 2. c4 g6 3. Nc3 Bg7 4. Nf3 O-O 5. e4 d6 6. Be2 e5 7. O-O Nc6 8. d5
Ne7 9. Qc2 Ne8 10. a4 f5 11. a5 h6 12. exf5 gxf5 13. Rd1 Ng6 14. Ra3 Nh4 15.
Nxh4 Qxh4 16. a6 b6 17. b4 Rf7 18. c5 Bf8 19. Bb5 Nf6 20. Bc6 Rb8 21. Nb5 bxc5
22. Nxa7 Bxa6 23. Rxa6 cxb4 24. Nb5 Rg7 1-0

[Event "NordWest-Cup 2014 - Open"]
[Site "Bad Zwischenahn"]
[Date "2014.01.25"]
[Round "4.5"]
[White "Dgebuadze, Alexandre"]
[Black "Werbeck, Torsten"]
[Result "1-0"]
[WhiteElo "2515"]
[BlackElo "2134"]
[Annotator "chessorg"]
[PlyCount "69"]
[EventDate "2014.??.??"]
[BlackTeam "Bahn-Schachclub Wuppertal"]

1. e4 {[%emt 0:00:00]} e6 2. d4 d5 3. Nd2 Nf6 4. e5 Nfd7 5. c3 c5 6. Bd3 cxd4
7. cxd4 Nc6 8. Ne2 Qb6 9. Nf3 f6 10. exf6 Nxf6 11. O-O Bd6 12. b3 Bd7 13. Bf4
Qc7 14. Bg3 O-O 15. Rc1 Bxg3 16. hxg3 Qd6 17. Qd2 Rae8 18. Rfe1 e5 19. dxe5
Nxe5 20. Nxe5 Rxe5 21. Nf4 Rxe1+ 22. Rxe1 Re8 23. Rxe8+ Bxe8 24. Qe3 d4 25.
Qe6+ Qxe6 26. Nxe6 Nd5 27. Nxd4 Nb4 28. Bc4+ Bf7 29. Bxf7+ Kxf7 30. a3 Nc2 31.
Kf1 Kf6 32. Ke2 Ke5 33. Kd3 Kf6 34. f3 Ke5 35. g4 1-0

[Event "NordWest-Cup 2014 - Open"]
[Site "Bad Zwischenahn"]
[Date "2014.01.25"]
[Round "5.1"]
[White "Li, Chao b"]
[Black "Epishin, Vladimir"]
[Result "1-0"]
[WhiteElo "2680"]
[BlackElo "2548"]
[Annotator "chessorg"]
[PlyCount "75"]
[EventDate "2014.??.??"]

1. d4 Nf6 2. c4 e6 3. g3 Bb4+ 4. Bd2 Bxd2+ 5. Qxd2 d5 6. Bg2 O-O 7. Nf3 Qe7 8.
O-O Rd8 9. Re1 Nc6 10. Na3 dxc4 11. Nxc4 e5 12. Ncxe5 Nxe5 13. Nxe5 Qxe5 14.
dxe5 Rxd2 15. exf6 c6 16. Rad1 Rxd1 17. Rxd1 Be6 18. fxg7 Bxa2 19. Rd7 Rb8 20.
f4 Kxg7 21. e4 a5 22. e5 a4 23. Be4 c5 24. f5 b5 25. g4 Re8 26. e6 Bxe6 27.
fxe6 Rxe6 28. Bd5 Re1+ 29. Kf2 Rd1 30. h4 Kf6 31. Ke3 c4 32. Ke4 Re1+ 33. Kd4
Rd1+ 34. Kc3 Ke5 35. Re7+ Kf4 36. Rxf7+ Kg3 37. h5 h6 38. g5 1-0

[Event "NordWest-Cup 2014 - Open"]
[Site "Bad Zwischenahn"]
[Date "2014.01.25"]
[Round "5.3"]
[White "Koop, Thorben"]
[Black "Ikonnikov, Vyacheslav"]
[Result "0-1"]
[WhiteElo "2232"]
[BlackElo "2566"]
[Annotator "chessorg"]
[PlyCount "98"]
[EventDate "2014.??.??"]
[WhiteTeam "SV Lingen"]
[BlackTeam "SF Bad Mergentheim"]

1. Nf3 Nf6 2. c4 e6 3. g3 b6 4. Bg2 Bb7 5. O-O c5 6. Nc3 Be7 7. Re1 O-O 8. e4
d6 9. d4 cxd4 10. Nxd4 Qc8 11. b3 a6 12. Bb2 Nbd7 13. Rc1 Qc7 14. f4 Rac8 15.
Kh1 Rfe8 16. Qe2 Kf8 17. Nf3 Qb8 18. Rcd1 Qa8 19. a4 d5 20. e5 Ne4 21. Nxe4
dxe4 22. Nd2 Bb4 23. Rf1 Bxd2 24. Rxd2 Red8 25. Bd4 Kg8 26. Rfd1 Nc5 27. Qe3 a5
28. Bxc5 Rxd2 29. Rxd2 bxc5 30. Kg1 g6 31. Kf2 Qb8 32. Ke1 Bc6 33. Rd6 Qb4+ 34.
Qd2 Qxd2+ 35. Rxd2 e3 36. Re2 Bxg2 37. Rxg2 Rd8 38. Rb2 Rd3 39. Ke2 Rc3 40. g4
h6 41. g5 h5 42. Kd1 Kh7 43. Ke2 Kg7 44. h4 Rc1 45. Kxe3 Rh1 46. Ke4 Rxh4 47.
Rf2 Rh1 48. Kd3 h4 49. Kc3 h3 0-1

[Event "NordWest-Cup 2014 - Open"]
[Site "Bad Zwischenahn"]
[Date "2014.01.25"]
[Round "5.4"]
[White "Schneider, Ilja"]
[Black "Jahncke, Giso"]
[Result "1-0"]
[WhiteElo "2515"]
[BlackElo "2251"]
[Annotator "chessorg"]
[PlyCount "57"]
[EventDate "2014.??.??"]
[WhiteTeam "Sfrd. Berlin 1903 e.V."]
[BlackTeam "Preetzer TSV"]

1. d4 Nf6 2. Bg5 Ne4 3. Bf4 d5 4. e3 c5 5. Bd3 Nf6 6. c3 Nc6 7. Nd2 Qb6 8. Rb1
Bg4 9. Ngf3 e6 10. h3 Bh5 11. O-O Be7 12. dxc5 Qxc5 13. b4 Qb6 14. c4 O-O 15.
c5 Qd8 16. Qb3 b6 17. Qa4 e5 18. Nxe5 Nxe5 19. Bxe5 bxc5 20. Bxf6 Bxf6 21. bxc5
Qc7 22. c6 Rab8 23. Qf4 Be5 24. Qg5 Bg6 25. Bxg6 fxg6 26. Nf3 Rxb1 27. Rxb1 Rf5
28. Qh4 Rf6 29. Qa4 1-0

[Event "NordWest-Cup 2014 - Open"]
[Site "Bad Zwischenahn"]
[Date "2014.01.25"]
[Round "5.5"]
[White "Carlstedt, Jonathan"]
[Black "Fish, Gennadij"]
[Result "1-0"]
[WhiteElo "2426"]
[BlackElo "2467"]
[Annotator "chessorg"]
[PlyCount "69"]
[EventDate "2014.??.??"]
[WhiteTeam "SV Diag.Harburg 1926 e.V."]
[BlackTeam "SAbt SV Werder Bremen"]

1. c4 c5 2. Nc3 Nc6 3. Nf3 g6 4. e3 Nf6 5. d4 d6 6. Be2 Bg7 7. O-O O-O 8. d5
Ne5 9. Nxe5 dxe5 10. e4 Ne8 11. a3 e6 12. b4 exd5 13. Qxd5 Be6 14. Qxd8 Rxd8
15. Be3 cxb4 16. axb4 Nd6 17. Rxa7 Bxc4 18. Bxc4 Nxc4 19. Bc5 Rfe8 20. Rxb7 Rd3
21. Nd5 Nd2 22. Rd7 Kh8 23. Rxf7 Nxf1 24. Kxf1 Rb3 25. g4 h5 26. Nc7 Rc8 27.
Ne6 Bh6 28. g5 Rc6 29. Re7 Rxe6 30. Rxe6 Bxg5 31. Rxe5 Bf4 32. Re8+ Kg7 33. e5
Bd2 34. e6 Bxb4 35. Bd4+ 1-0

[Event "NordWest-Cup 2014 - Open"]
[Site "Bad Zwischenahn"]
[Date "2014.01.26"]
[Round "6.1"]
[White "Ikonnikov, Vyacheslav"]
[Black "Li, Chao b"]
[Result "1-0"]
[WhiteElo "2566"]
[BlackElo "2680"]
[Annotator "chessorg"]
[PlyCount "107"]
[EventDate "2014.??.??"]
[WhiteTeam "SF Bad Mergentheim"]

1. d4 Nf6 2. Nf3 g6 3. c4 Bg7 4. Nc3 d5 5. cxd5 Nxd5 6. e4 Nxc3 7. bxc3 c5 8.
Be3 Bg4 9. Rc1 O-O 10. Be2 Qa5 11. Qd2 Nd7 12. d5 c4 13. h3 Bxf3 14. Bxf3 Nc5
15. O-O Rfd8 16. Rc2 Rac8 17. g3 b5 18. Rb1 a6 19. h4 h5 20. Bh6 Bh8 21. Qe3
Qb6 22. Bg2 Kh7 23. Bg5 f6 24. Bh6 e5 25. Qd2 Qd6 26. Be3 Bg7 27. Kh2 Qf8 28.
Rf1 Re8 29. d6 Red8 30. Bxc5 Rxc5 31. d7 Bh6 32. Qd1 Rc6 33. Bh3 Rd6 34. Qe2
Rd3 35. Rd1 Qd6 36. Rb1 Bf8 37. Rbb2 Qc6 38. Rd2 Rxc3 39. Rb1 Bc5 40. Rbd1 a5
41. Rd5 b4 42. g4 hxg4 43. Qxg4 Bxf2 44. h5 Rg3 45. hxg6+ Kg7 46. Qf5 Rxg6 47.
Qxf2 c3 48. Qc5 Qxc5 49. Rxc5 Kf7 50. Rxa5 Rh6 51. Kg3 c2 52. Rc1 Rg8+ 53. Bg4
Rhg6 54. d8=Q 1-0

[Event "NordWest-Cup 2014 - Open"]
[Site "Bad Zwischenahn"]
[Date "2014.01.26"]
[Round "6.3"]
[White "Dgebuadze, Alexandre"]
[Black "Carlstedt, Jonathan"]
[Result "1/2-1/2"]
[WhiteElo "2515"]
[BlackElo "2426"]
[Annotator "chessorg"]
[PlyCount "39"]
[EventDate "2014.??.??"]
[BlackTeam "SV Diag.Harburg 1926 e.V."]

1. c4 Nf6 2. Nc3 e5 3. e3 Nc6 4. a3 a5 5. d4 exd4 6. exd4 Be7 7. Nf3 d5 8. cxd5
Nxd5 9. Bd3 O-O 10. O-O Bf6 11. Be4 Be6 12. Re1 Nxc3 13. bxc3 Bd5 14. Bf4 Ne7
15. Be5 Bxe4 16. Rxe4 Nd5 17. Qb3 a4 18. Qxb7 Nxc3 19. Re3 Nd5 20. Bxf6 1/2-1/2

[Event "NordWest-Cup 2014 - Open"]
[Site "Bad Zwischenahn"]
[Date "2014.01.26"]
[Round "6.5"]
[White "Hess, Christian"]
[Black "Solodovnichenko, Yuri"]
[Result "*"]
[WhiteElo "2240"]
[BlackElo "2591"]
[Annotator "chessorg"]
[PlyCount "60"]
[EventDate "2014.??.??"]
[WhiteTeam "Königsspr. SC.1984 e.V."]
[BlackTeam "Schachfreunde Gerresheim 86 e.V."]

1. c4 g6 2. Nf3 Bg7 3. g3 c5 4. Bg2 Nc6 5. Nc3 Nh6 6. h4 d6 7. h5 Bg4 8. hxg6
hxg6 9. d3 Qd7 10. Bd2 O-O-O 11. Qa4 Nf5 12. O-O-O Kb8 13. Rxh8 Rxh8 14. Ng5
Bxc3 15. Bxc3 f6 16. Nf3 Qe6 17. Re1 Bxf3 18. exf3 Qd7 19. f4 Rh2 20. Bxc6 bxc6
21. g4 Nh4 22. f5 gxf5 23. gxf5 Nxf5 24. Rg1 Rh8 25. b4 cxb4 26. Qxb4+ Ka8 27.
Kd2 Rb8 28. Qa5 d5 29. cxd5 cxd5 30. Rc1 Qd6 *

[Event "NordWest-Cup 2014 - Open"]
[Site "Bad Zwischenahn"]
[Date "2014.01.26"]
[Round "6.6"]
[White "Epishin, Vladimir"]
[Black "Sobolevsky, Leonid"]
[Result "1-0"]
[WhiteElo "2548"]
[BlackElo "2238"]
[Annotator "chessorg"]
[PlyCount "57"]
[EventDate "2014.??.??"]

1. d4 Nf6 2. c4 e6 3. Nc3 Bb4 4. Bg5 h6 5. Bh4 c5 6. d5 Bxc3+ 7. bxc3 d6 8. f3
g5 9. Bg3 exd5 10. cxd5 Nh5 11. e4 Nxg3 12. hxg3 Qf6 13. Qd2 Nd7 14. Nh3 Ne5
15. Nf2 Bd7 16. f4 Ng6 17. e5 dxe5 18. Ne4 Qe7 19. d6 Qd8 (19... Qe6 20. O-O-O
b6 21. fxg5 Ba4 22. gxh6 Bxd1 23. Bb5+ Kf8 24. h7 $18) 20. fxg5 hxg5 21. Rxh8+
Nxh8 22. Qd5 Kf8 23. Qxb7 Rc8 24. Ba6 f5 25. O-O-O Nf7 26. Bc4 Rc6 27. Qxa7 Kg7
28. Nxc5 Qc8 29. Nxd7 1-0

[Event "NordWest-Cup 2014 - Open"]
[Site "Bad Zwischenahn"]
[Date "2014.01.26"]
[Round "6.7"]
[White "Jugelt, Tobias"]
[Black "Henrich, Thomas"]
[Result "1-0"]
[WhiteElo "2417"]
[BlackElo "2231"]
[Annotator "chessorg"]
[PlyCount "125"]
[EventDate "2014.??.??"]
[WhiteTeam "SAbt SV Werder Bremen"]
[BlackTeam "SK Marburg 1931/72"]

1. d4 Nf6 2. c4 e6 3. Nf3 c5 4. d5 exd5 5. cxd5 d6 6. Nc3 g6 7. Bf4 a6 8. a4
Bg7 9. h3 O-O 10. e3 Qe7 11. Nd2 Nbd7 12. Nc4 Ne8 13. Be2 Rb8 14. a5 f5 15. Qd2
Ne5 16. Nb6 g5 17. Bh2 Ng6 18. O-O f4 19. Nxc8 Rxc8 20. exf4 gxf4 21. Bg4 Rd8
22. Ra4 Be5 23. Ne2 Qf6 24. Bh5 f3 25. Bxf3 Rd7 26. Bg4 Rg7 27. Re4 Bxh2+ 28.
Kxh2 Ne5 29. Be6+ Kh8 30. Rf4 Qe7 31. Rxf8+ Qxf8 32. f4 Qf6 33. Qc3 Nc7 34. Ng3
Nd7 35. Nh5 Qxc3 36. bxc3 Re7 37. Rb1 Nxe6 38. dxe6 Rxe6 39. Rxb7 Nf8 40. f5
Re5 41. g4 d5 42. Nf6 d4 43. cxd4 cxd4 44. Rf7 d3 45. g5 Rxf5 46. h4 Rxa5 47.
Rxf8+ Kg7 48. Rg8+ Kf7 49. Rd8 Kg6 50. Kg3 d2 51. Rxd2 h6 52. Rd6 hxg5 53. Ne4+
Kf5 54. Nxg5 Ra4 55. Rd5+ Kg6 56. Nh3 a5 57. Nf4+ Kh6 58. Kg4 Ra1 59. Rd6+ Kh7
60. Ra6 a4 61. Ne2 a3 62. Nc3 Rg1+ 63. Kh5 1-0